000
00300nam a2200133 4500
008
191022s2018||||xo d
245
1
0
_a
Rýchle vecere
250
_a
1.vydanie
260
_b
Sun
_a
Rícany
_c
2018
300
_a
76s.
020
_a
9788075672506
_c
3,79
041
1
_a
slo
044
_a
xo
_c
SK
999
_c
22752
_d
22752